00638nam a2200169 a 4500008004100000100001700041245015200058260002900210300003200239500003700271504004100308650002200349700007000371003000100441005001700442040000900459 1 aSihwa, Mpho. 0aInternational student's perception of the quality in library services at National University of Science and Technology (NUST) library/cMpho Sihwa. aBulawayo :bNUST,c2017. axv, 63 p. :bill. ;c30 cm. aDissertation (MSc)---NUST, 2017. aIncludes bibliographic references.  alibrary services. aNUST. bDept. of Library and Information Science. tDissertation.20230123141108.0 cNUST